| 000 | 00482cam a2200181ua 4500 | ||
|---|---|---|---|
| 001 | 11435 | ||
| 008 | 190919n ii |||gr||||Z||||||eng | ||
| 020 | _a9789386296979 | ||
| 040 | _cMAIN | ||
| 082 | _a820 | ||
| 100 |
_aPradipta Borgohain, _eAuthor. |
||
| 245 |
_aVictorian Literature _cBy Pradipta Borgohain |
||
| 260 |
_aHyderabad: _bOrient Blackswan , _c2017. |
||
| 300 | _a225p. | ||
| 653 | _aEnglish.& Old English literatures | ||
| 653 | _aVictorian Literature | ||
| 942 | _cBK | ||
| 999 |
_c10276 _d10276 |
||